00223nam a22001097a 4500999001900000020001700019100001500036245001200051260003100063300001200094942000700106 c261055d261054 a970545073899 aDonna King aKickoff aNew YorkbScholasticc2007 a158 pgs cBK